000 00457nam a2200133Ia 4500
008 100328s9999 xx 000 0 und d
082 _b66701
100 _aखळदकर अरविंद.
245 _aशेअरबाजाराशी मैत्री.
260 _bकौशिक.
630 _aशेअरबाजाराशी मैत्री.
730 _aशेअरबाजाराशी मैत्री.
942 _cBOOK
999 _c552440
_d552437